[Event "Oberliga Ost B 2018 2019"]
[Site "?"]
[Date "2019.03.23"]
[Round "8.3"]
[White "Nazarenus, Moritz"]
[Black "Gottschalk, Jens"]
[Result "0-1"]
[WhiteElo "2260"]
[BlackElo "2264"]
[PlyCount "90"]
[EventDate "2018.10.21"]
[EventType "team-tourn"]
[EventCountry "GER"]
[WhiteTeam "Schoeneck SF"]
[BlackTeam "Wiesbadener SV"]
[WhiteTeamCountry "GER"]
[BlackTeamCountry "GER"]

1. d4 Nf6 2. c4 c5 3. d5 b5 4. cxb5 a6 5. f3 d6 6. e4 g6 7. bxa6 Bxa6 8. Bxa6
Rxa6 9. Ne2 Bg7 10. O-O Nbd7 11. Nbc3 O-O 12. Ng3 Qb6 13. Qe2 Rfa8 14. Be3 Qb4
15. Rac1 Nb6 16. Rc2 Nfd7 17. f4 Na4 18. Nd1 Nab6 19. Bd2 Qa4 20. b3 Qa3 21.
Ne3 R6a7 22. e5 dxe5 23. Ne4 Qa6 24. Qf2 Qd3 25. Nc3 e4 26. Rd1 Nf6 27. Be1 Qa6
28. g4 Qb7 29. g5 Nh5 30. Nxe4 Nd7 31. Bc3 Qc7 32. Bxg7 Nxg7 33. Re1 Ne8 34. b4
Ra4 35. Nxc5 Nxc5 36. Rxc5 Qb6 37. a3 Nd6 38. Nc2 Qb7 39. Qd4 Qd7 40. Rc3 Nb5
41. Qd3 Nxc3 42. Qxc3 Rc8 43. Qd2 Qc7 44. Qe3 Qc4 45. Qf3 Qa2 0-1

[Event "Oberliga Ost B 2018 2019"]
[Site "?"]
[Date "2019.03.23"]
[Round "8.4"]
[White "Nehmert, Ulrich"]
[Black "Meyer, Kai Christian"]
[Result "0-1"]
[WhiteElo "2232"]
[BlackElo "2207"]
[PlyCount "56"]
[EventDate "2018.10.21"]
[EventType "team-tourn"]
[EventCountry "GER"]
[WhiteTeam "Wiesbadener SV"]
[BlackTeam "Schoeneck SF"]
[WhiteTeamCountry "GER"]
[BlackTeamCountry "GER"]

1. d4 Nf6 2. c4 g6 3. Nc3 Bg7 4. e4 d6 5. Nf3 O-O 6. Be2 Nbd7 7. O-O e5 8. d5
Ne8 9. Qc2 h6 10. b4 f5 11. Nd2 Ndf6 12. c5 f4 13. Ba3 g5 14. Rfc1 g4 15. b5 f3
16. gxf3 gxf3 17. Nxf3 Nh5 18. cxd6 cxd6 19. Kh1 Bg4 20. Nxe5 Bxe5 21. Bxg4 Qh4
22. f3 Nf4 23. Rg1 Kh8 24. Rg3 Nf6 25. Rag1 Nxg4 26. Rxg4 Qh3 27. R4g3 Qh4 28.
Bc1 Nh3 0-1

[Event "Oberliga Ost B 2018 2019"]
[Site "?"]
[Date "2019.03.23"]
[Round "8.5"]
[White "Mueller, Achim"]
[Black "Minor, Samuel"]
[Result "0-1"]
[WhiteElo "2101"]
[BlackElo "2231"]
[PlyCount "62"]
[EventDate "2018.10.21"]
[EventType "team-tourn"]
[EventCountry "GER"]
[WhiteTeam "Schoeneck SF"]
[BlackTeam "Wiesbadener SV"]
[WhiteTeamCountry "GER"]
[BlackTeamCountry "GER"]

1. e4 c5 2. Nf3 d6 3. d3 Nc6 4. g3 g6 5. Bg2 Bg7 6. O-O e6 7. c3 Nge7 8. Re1
O-O 9. d4 cxd4 10. cxd4 d5 11. e5 Nf5 12. Nc3 Bd7 13. Bf4 f6 14. Qd2 g5 15.
exf6 Bxf6 16. Bxg5 Nfxd4 17. Bh6 Nxf3+ 18. Bxf3 Bg7 19. Bg4 Qf6 20. Bf4 Qg6 21.
Bd1 Rae8 22. Bd6 Rf5 23. Bc2 Nd4 24. Bxf5 Qxf5 25. Qf4 Qxf4 26. Bxf4 e5 27. Bg5
Nf3+ 28. Kf1 Nxg5 29. h4 Nf3 30. Red1 Bh3+ 31. Ke2 Nd4+ 0-1

[Event "Oberliga Ost B 2018 2019"]
[Site "?"]
[Date "2019.03.23"]
[Round "8.6"]
[White "Kayser, Felix"]
[Black "Meyer Cording, Claus"]
[Result "1/2-1/2"]
[WhiteElo "2110"]
[BlackElo "2067"]
[PlyCount "27"]
[EventDate "2018.10.21"]
[EventType "team-tourn"]
[EventCountry "GER"]
[WhiteTeam "Wiesbadener SV"]
[BlackTeam "Schoeneck SF"]
[WhiteTeamCountry "GER"]
[BlackTeamCountry "GER"]

1. e4 e5 2. Nf3 Nc6 3. d4 exd4 4. Bc4 d6 5. Nxd4 Bd7 6. Nc3 Nf6 7. O-O Be7 8.
Re1 O-O 9. Bf4 Ne8 10. Nd5 Bg5 11. Bg3 Bh4 12. Bf4 Bg5 13. Bg3 Bh4 14. Bf4
1/2-1/2

[Event "Oberliga Ost B 2018 2019"]
[Site "?"]
[Date "2019.03.23"]
[Round "8.7"]
[White "Weiss, Matthias"]
[Black "Wichmann, Daniel"]
[Result "1/2-1/2"]
[WhiteElo "2021"]
[BlackElo "2188"]
[PlyCount "130"]
[EventDate "2018.10.21"]
[EventType "team-tourn"]
[EventCountry "GER"]
[WhiteTeam "Schoeneck SF"]
[BlackTeam "Wiesbadener SV"]
[WhiteTeamCountry "GER"]
[BlackTeamCountry "GER"]

1. e4 Nf6 2. e5 Nd5 3. d4 d6 4. Nf3 dxe5 5. Nxe5 g6 6. Bc4 c6 7. O-O Bg7 8. Nc3
Be6 9. Qf3 O-O 10. Bb3 Nd7 11. Nxd5 Bxd5 12. Qg3 Nxe5 13. dxe5 Bxb3 14. axb3
Qd5 15. Bf4 Rfd8 16. h3 a6 17. Rfe1 Qe6 18. Rad1 Qf5 19. c4 Qc2 20. Rxd8+ Rxd8
21. Qc3 Qf5 22. Bg3 Rd3 23. Qb4 Qd7 24. Qb6 h6 25. Qb4 g5 26. h4 Bf8 27. hxg5
hxg5 28. e6 fxe6 29. Qc5 Bh6 30. Be5 Kf7 31. Bc3 Qd6 32. Qb6 Qd7 33. Qc5 Qc7
34. Be5 b6 35. Bxc7 bxc5 36. Re5 Rxb3 37. Rxc5 Rxb2 38. Rxc6 Ra2 39. Be5 a5 40.
Ra6 a4 41. c5 Rc2 42. c6 Bg7 43. Bxg7 Kxg7 44. Rxa4 Rxc6 45. Kh2 Rc3 46. f3 Kf6
47. Kg3 Rc2 48. Ra8 Re2 49. Rf8+ Kg7 50. Ra8 e5 51. Ra4 Kf6 52. Re4 Rd2 53. Ra4
Kf5 54. Ra8 Re2 55. Rf8+ Kg6 56. Rg8+ Kf6 57. Rf8+ Kg7 58. Ra8 e4 59. Ra4 e3
60. Rg4 Kf6 61. f4 gxf4+ 62. Kxf4 Re1 63. Kf3 e5 64. Re4 Kf5 65. Rxe3 Rxe3+
1/2-1/2

[Event "Oberliga Ost B 2018 2019"]
[Site "?"]
[Date "2019.03.23"]
[Round "8.8"]
[White "Ungurean, Florin Ioan"]
[Black "Kirchner, Markus"]
[Result "0-1"]
[WhiteElo "2006"]
[BlackElo "1920"]
[PlyCount "90"]
[EventDate "2018.10.21"]
[EventType "team-tourn"]
[EventCountry "GER"]
[WhiteTeam "Wiesbadener SV"]
[BlackTeam "Schoeneck SF"]
[WhiteTeamCountry "GER"]
[BlackTeamCountry "GER"]

1. d4 f5 2. Qd3 d6 3. g4 fxg4 4. h3 Nf6 5. hxg4 Bxg4 6. f3 Bc8 7. Nc3 Nc6 8.
Bg5 e5 9. d5 Nd4 10. O-O-O Bf5 11. e4 Bg6 12. Nge2 Nxe2+ 13. Nxe2 Be7 14. Be3
O-O 15. Ng3 Nd7 16. Bf2 Bg5+ 17. Kb1 Qf6 18. Nf5 Bxf5 19. exf5 h6 20. Bh3 Qe7
21. Rde1 Nf6 22. Bg3 Nh5 23. Bh2 Rae8 24. Rhg1 Bf4 25. Qe2 Qh4 26. Bg4 Qxh2 27.
Qxh2 Bxh2 28. Bxh5 Bxg1 29. Rxg1 Re7 30. Bg6 Ref7 31. Bxf7+ Rxf7 32. Kc1 Rxf5
33. Rg3 g5 34. Kd2 Rf4 35. c3 Kf7 36. Ke3 Kg6 37. b3 h5 38. Rg1 Kf5 39. Rh1 h4
40. Rh2 e4 41. fxe4+ Rxe4+ 42. Kd3 Rf4 43. Ke3 Ke5 44. c4 Rg4 45. Re2 Re4+ 0-1

[Event "Oberliga Ost B 2018 2019"]
[Site "?"]
[Date "2019.03.24"]
[Round "9.1"]
[White "Teske, Henrik"]
[Black "Braun, Vitali"]
[Result "1/2-1/2"]
[WhiteElo "2474"]
[BlackElo "2384"]
[PlyCount "25"]
[EventDate "2018.10.21"]
[EventType "team-tourn"]
[EventCountry "GER"]
[WhiteTeam "Erfurt SV Empor"]
[BlackTeam "Griesheim SV II"]
[WhiteTeamCountry "GER"]
[BlackTeamCountry "GER"]

1. c4 g6 2. Nc3 Bg7 3. d4 d6 4. g3 Nd7 5. Bg2 e5 6. e3 Ne7 7. Nge2 O-O 8. b3
Rb8 9. Nb5 exd4 10. exd4 Nc6 11. O-O a6 12. Nbc3 Nf6 13. a4 1/2-1/2

[Event "Oberliga Ost B 2018 2019"]
[Site "?"]
[Date "2019.03.24"]
[Round "9.2"]
[White "Nothnagel, Holger"]
[Black "Langheinrich, Ferenc"]
[Result "1/2-1/2"]
[WhiteElo "2305"]
[BlackElo "2376"]
[PlyCount "84"]
[EventDate "2018.10.21"]
[EventType "team-tourn"]
[EventCountry "GER"]
[WhiteTeam "Griesheim SV II"]
[BlackTeam "Erfurt SV Empor"]
[WhiteTeamCountry "GER"]
[BlackTeamCountry "GER"]

1. b3 e5 2. Bb2 Nc6 3. Nf3 e4 4. Nd4 Nxd4 5. Bxd4 Ne7 6. c4 b6 7. e3 Bb7 8. Be2
Nf5 9. Bb2 Nh4 10. g3 Nf3+ 11. Bxf3 exf3 12. Nc3 Qf6 13. Qc2 Qg6 14. O-O-O
Qxc2+ 15. Kxc2 O-O-O 16. d4 h5 17. d5 c6 18. e4 g5 19. Nb5 Rg8 20. Nxa7+ Kc7
21. dxc6 dxc6 22. Be5+ Rd6 23. Rd3 f6 24. Bxd6+ Bxd6 25. Rhd1 Be5 26. Rd7+ Kb8
27. Rxb7+ Kxb7 28. Rd7+ Bc7 29. Rf7 Ra8 30. Nxc6 Kxc6 31. Rxf6+ Kc5 32. Rxf3 g4
33. Rf5+ Kd4 34. a4 Kxe4 35. Rxh5 Rf8 36. Kc3 Rxf2 37. Kb4 Bd6+ 38. Kb5 Rb2 39.
Kc6 Be7 40. h3 gxh3 41. Rxh3 Rxb3 42. Rh7 Bg5 1/2-1/2

[Event "Oberliga Ost B 2018 2019"]
[Site "?"]
[Date "2019.03.24"]
[Round "9.3"]
[White "Urban, Lars"]
[Black "Flach, Erich"]
[Result "1-0"]
[WhiteElo "2186"]
[BlackElo "2078"]
[PlyCount "53"]
[EventDate "2018.10.21"]
[EventType "team-tourn"]
[EventCountry "GER"]
[WhiteTeam "Erfurt SV Empor"]
[BlackTeam "Griesheim SV II"]
[WhiteTeamCountry "GER"]
[BlackTeamCountry "GER"]

1. d4 Nf6 2. c4 c5 3. d5 b5 4. Qc2 b4 5. e4 d6 6. f4 g6 7. Nf3 Bg7 8. Bd3 O-O
9. O-O Nbd7 10. Kh1 e5 11. fxe5 dxe5 12. a3 Qb6 13. axb4 Qxb4 14. Nc3 Qb6 15.
Na4 Qd6 16. b4 cxb4 17. c5 Qb8 18. Be3 b3 19. Qc3 Nxd5 20. exd5 e4 21. Bd4 Bxd4
22. Nxd4 Qe5 23. Bc4 b2 24. Qxb2 Rb8 25. Qc3 Re8 26. d6 Nf6 27. Nc6 1-0

[Event "Oberliga Ost B 2018 2019"]
[Site "?"]
[Date "2019.03.24"]
[Round "9.4"]
[White "Schnitzspan, Lothar"]
[Black "Friedrich, Wiede"]
[Result "0-1"]
[WhiteElo "2272"]
[BlackElo "2294"]
[PlyCount "78"]
[EventDate "2018.10.21"]
[EventType "team-tourn"]
[EventCountry "GER"]
[WhiteTeam "Griesheim SV II"]
[BlackTeam "Erfurt SV Empor"]
[WhiteTeamCountry "GER"]
[BlackTeamCountry "GER"]

1. Nf3 Nf6 2. c4 c6 3. Nc3 d5 4. e3 Bg4 5. Qb3 b6 6. Ne5 d4 7. Nxg4 Nxg4 8. Be2
Nxf2 9. Kxf2 dxc3 10. Qxc3 Qd6 11. c5 bxc5 12. b3 Nd7 13. Bb2 e5 14. Rhf1 Qh6
15. Kg1 Bd6 16. Rf5 O-O 17. Raf1 Nf6 18. Qc4 Rad8 19. Bc3 Bb8 20. R1f3 Nd5 21.
Bxe5 Bxe5 22. Rxe5 Qd6 23. Rg5 g6 24. d3 Qe7 25. Qh4 Rfe8 26. Rh3 Nf6 27. Rg4
Qe5 28. Rf4 Rd6 29. Bf1 Kg7 30. Rhf3 Ree6 31. Ra4 Re7 32. Ra5 Qc3 33. Qa4 Qc1
34. e4 Ng4 35. Rxa7 Ne5 36. Rxe7 Nxf3+ 37. Kf2 Qd2+ 38. Kg3 Qe1+ 39. Kxf3 Qxf1+
0-1

[Event "Oberliga Ost B 2018 2019"]
[Site "?"]
[Date "2019.03.24"]
[Round "9.5"]
[White "Weishaeutel, Moritz"]
[Black "Dietz, Holger"]
[Result "0-1"]
[WhiteElo "2282"]
[BlackElo "2318"]
[PlyCount "144"]
[EventDate "2018.10.21"]
[EventType "team-tourn"]
[EventCountry "GER"]
[WhiteTeam "Erfurt SV Empor"]
[BlackTeam "Griesheim SV II"]
[WhiteTeamCountry "GER"]
[BlackTeamCountry "GER"]

1. e4 d5 2. exd5 Qxd5 3. Nc3 Qd6 4. d4 Nf6 5. Nf3 c6 6. Ne5 Be6 7. Bf4 Qd8 8.
Qd2 Nbd7 9. O-O-O Nxe5 10. Bxe5 Qa5 11. Bxf6 exf6 12. d5 O-O-O 13. Bc4 Bb4 14.
Qf4 cxd5 15. Nxd5 Bxd5 16. Bxd5 Rxd5 17. Rxd5 Qxd5 18. Qxb4 Qxa2 19. Qc3+ Kb8
20. b3 Rc8 21. Qb2 Qa5 22. Kb1 Rd8 23. Qc1 Qd2 24. Qe1 a6 25. Rf1 Qxe1+ 26.
Rxe1 Rd2 27. Rf1 Kc7 28. Kc1 Re2 29. Kd1 Re5 30. f4 Re4 31. Kd2 f5 32. Kd3 h5
33. g3 a5 34. Ra1 b6 35. Ra4 Kc6 36. Ra2 h4 37. c3 h3 38. Ra1 Kc5 39. Rf1 Re6
40. Rb1 Kb5 41. Ra1 g6 42. Rg1 Re4 43. Ra1 Kc5 44. Kd2 f6 45. Kd3 Re7 46. Kd2
Ra7 47. Kd3 Rd7+ 48. Ke3 Rd6 49. Ke2 Kd5 50. Kd3 Re6 51. b4 axb4 52. cxb4 Re4
53. Ra7 Rxb4 54. Rd7+ Ke6 55. Rh7 g5 56. fxg5 fxg5 57. Rxh3 Ke5 58. Rh8 Rb3+
59. Kc2 Rb5 60. Kd3 Rd5+ 61. Ke3 b5 62. Rh5 g4 63. h3 Rd4 64. hxg4 Rxg4 65. Kf3
b4 66. Rh8 Rc4 67. Re8+ Kd4 68. Kf4 Rc5 69. Re1 b3 70. Rb1 Kc3 71. Rc1+ Kb4 72.
Rb1 Ka3 0-1

[Event "Oberliga Ost B 2018 2019"]
[Site "?"]
[Date "2019.03.24"]
[Round "9.6"]
[White "Nothnagel, Markus"]
[Black "Michalowski, Peter"]
[Result "1/2-1/2"]
[WhiteElo "2223"]
[BlackElo "2092"]
[PlyCount "22"]
[EventDate "2018.10.21"]
[EventType "team-tourn"]
[EventCountry "GER"]
[WhiteTeam "Griesheim SV II"]
[BlackTeam "Erfurt SV Empor"]
[WhiteTeamCountry "GER"]
[BlackTeamCountry "GER"]

1. b3 d5 2. Bb2 Nf6 3. e3 c6 4. f4 Bg4 5. Be2 Bxe2 6. Qxe2 e6 7. Nf3 Nbd7 8.
O-O Bd6 9. Ne5 O-O 10. d3 Qe7 11. Nd2 Bc7 1/2-1/2

[Event "Oberliga Ost B 2018 2019"]
[Site "?"]
[Date "2019.03.24"]
[Round "9.7"]
[White "Sieber, Stephan"]
[Black "Hahn, Werner"]
[Result "0-1"]
[WhiteElo "2211"]
[BlackElo "2163"]
[PlyCount "128"]
[EventDate "2018.10.21"]
[EventType "team-tourn"]
[EventCountry "GER"]
[WhiteTeam "Erfurt SV Empor"]
[BlackTeam "Griesheim SV II"]
[WhiteTeamCountry "GER"]
[BlackTeamCountry "GER"]

1. e4 c5 2. Nf3 d6 3. d4 cxd4 4. Nxd4 Nf6 5. f3 e6 6. c4 Be7 7. Nc3 O-O 8. Be3
b6 9. Qd2 Bb7 10. Rd1 a6 11. Bd3 Nbd7 12. b3 Qc7 13. O-O Rac8 14. Rc1 Qb8 15.
Bb1 Rfe8 16. g4 h6 17. h4 d5 18. g5 Nxe4 19. Qg2 Nxc3 20. gxh6 Qe5 21. Rxc3 Bb4
22. Rd3 g6 23. f4 Qh5 24. Nf3 Nc5 25. Rdd1 dxc4 26. bxc4 Bc3 27. Qg3 Rcd8 28.
Rxd8 Rxd8 29. Qg5 Qxg5+ 30. hxg5 a5 31. Kf2 Ba6 32. Bc2 Bxc4 33. Rb1 Bxa2 34.
Rxb6 Bb4 35. Ne5 Bd5 36. Nc6 Bxc6 37. Rxc6 Nd7 38. Bd4 Nb8 39. Rc4 Rxd4 40.
Rc8+ Kh7 41. Ke3 Rd2 42. Ba4 Nd7 43. Rc7 Nf8 44. Rxf7+ Kg8 45. Rg7+ Kh8 46. Be8
Rd8 47. Bb5 Ra8 48. Ba4 Ra7 49. Rxa7 Bc5+ 50. Ke4 Bxa7 51. Be8 Bb8 52. Kf3 e5
53. f5 gxf5 54. g6 Ne6 55. Ke3 Ng5 56. Bc6 Bd6 57. g7+ Kg8 58. Bd5+ Nf7 59. h7+
Kxh7 60. Bxf7 Kxg7 61. Bb3 Kf6 62. Ba4 Bc5+ 63. Kf3 e4+ 64. Ke2 Ke5 0-1

[Event "Oberliga Ost B 2018 2019"]
[Site "?"]
[Date "2019.03.24"]
[Round "9.1"]
[White "Nguyen, Huy Dat"]
[Black "Strache, Michael"]
[Result "0-1"]
[WhiteElo "2165"]
[BlackElo "2270"]
[PlyCount "114"]
[EventDate "2018.10.21"]
[EventType "team-tourn"]
[EventCountry "GER"]
[WhiteTeam "Erfurt SV Medizin"]
[BlackTeam "Sangerhausen SV"]
[WhiteTeamCountry "GER"]
[BlackTeamCountry "GER"]

1. e4 e5 2. Nf3 Nc6 3. Bb5 Nf6 4. d3 Bc5 5. O-O Nd4 6. Nxd4 Bxd4 7. Nc3 c6 8.
Bc4 h6 9. Ne2 Bb6 10. Bb3 d6 11. Ng3 Bg4 12. Qe1 h5 13. Be3 h4 14. Nf5 Bxf5 15.
exf5 Rh5 16. Qb4 h3 17. gxh3 Rxf5 18. Bxb6 Qxb6 19. Qxb6 axb6 20. Rae1 Kf8 21.
Re3 Nh5 22. Rfe1 Nf4 23. d4 Rg5+ 24. Kh1 f6 25. dxe5 fxe5 26. Rg3 Rh5 27. Reg1
g6 28. c3 Kg7 29. Bc2 Rh6 30. a3 Kf6 31. Rf3 g5 32. Bd3 Rxh3 33. Be2 Rh4 34.
Bf1 Rah8 35. h3 g4 36. Rfg3 Nxh3 37. Bxh3 Rxh3+ 38. Kg2 Kf5 39. c4 d5 40. cxd5
cxd5 41. Rc1 Rh2+ 42. Kf1 R8h3 43. Rcc3 Rxg3 44. Rxg3 Rh3 45. Rc3 Rxc3 46. bxc3
b5 47. Ke2 Ke4 48. Kd2 Kf3 49. Ke1 d4 50. cxd4 exd4 51. Kf1 d3 52. Ke1 Kg2 53.
Kd2 Kxf2 54. Kxd3 g3 55. Kc3 g2 56. Kb4 g1=Q 57. Kxb5 Qg6 0-1

[Event "Oberliga Ost B 2018 2019"]
[Site "?"]
[Date "2019.03.24"]
[Round "9.2"]
[White "Engelmann, Jakob"]
[Black "Wehner, Janis"]
[Result "1/2-1/2"]
[WhiteElo "2269"]
[BlackElo "2146"]
[PlyCount "84"]
[EventDate "2018.10.21"]
[EventType "team-tourn"]
[EventCountry "GER"]
[WhiteTeam "Sangerhausen SV"]
[BlackTeam "Erfurt SV Medizin"]
[WhiteTeamCountry "GER"]
[BlackTeamCountry "GER"]

1. c4 e5 2. g3 Nc6 3. Bg2 Nf6 4. Nc3 Bc5 5. e3 O-O 6. Nge2 a6 7. O-O d6 8. a3
Be6 9. b4 Ba7 10. Nd5 Bxd5 11. cxd5 Ne7 12. e4 c6 13. dxc6 Nxc6 14. Bb2 Re8 15.
d4 exd4 16. Nxd4 Bxd4 17. Bxd4 Nxe4 18. Bb2 d5 19. Qh5 Qd6 20. Rad1 Rad8 21.
Rfe1 g6 22. Qh6 Qf8 23. Qf4 f5 24. Bf1 Qd6 25. Qc1 Ne5 26. Kg2 Rc8 27. Qf4 Rc2
28. Re2 Rxe2 29. Bxe2 Qe6 30. Qh6 Nf6 31. Re1 Nf7 32. Qd2 Ne5 33. Qd4 Ned7 34.
Kg1 Qe4 35. Qc3 Ne5 36. Qc7 Nf3+ 37. Bxf3 Qxe1+ 38. Kg2 Re7 39. Qd8+ Kf7 40.
Bd4 Ne4 41. Qxd5+ Ke8 42. Qg8+ Kd7 1/2-1/2

[Event "Oberliga Ost B 2018 2019"]
[Site "?"]
[Date "2019.03.24"]
[Round "9.3"]
[White "Jakob, Matthias"]
[Black "Heyder, Florian"]
[Result "1-0"]
[WhiteElo "2102"]
[BlackElo "2216"]
[PlyCount "77"]
[EventDate "2018.10.21"]
[EventType "team-tourn"]
[EventCountry "GER"]
[WhiteTeam "Erfurt SV Medizin"]
[BlackTeam "Sangerhausen SV"]
[WhiteTeamCountry "GER"]
[BlackTeamCountry "GER"]

1. Nc3 c5 2. e4 e6 3. d3 a6 4. a4 b6 5. f4 Bb7 6. Nf3 d6 7. Be2 Be7 8. O-O Nf6
9. h3 Nc6 10. Qe1 g6 11. Bd1 Qc7 12. Ne2 d5 13. e5 Nd7 14. c3 b5 15. d4 b4 16.
g4 h5 17. f5 hxg4 18. fxe6 fxe6 19. Ng5 Nf8 20. Qf2 Nd8 21. h4 a5 22. Qg3 Ba6
23. Qxg4 Bd3 24. Qg3 Bf5 25. Rf2 bxc3 26. bxc3 Rb8 27. Nf4 cxd4 28. cxd4 Bb4
29. Bd2 Nc6 30. Rc1 Qb6 31. Nfxe6 Bxe6 32. Nxe6 Nxe6 33. Qxg6+ Kd7 34. Rf7+ Be7
35. Rxc6 Qxc6 36. Bg5 Rbg8 37. Rxe7+ Kc8 38. Qf5 Rxh4 39. Rxe6 1-0

[Event "Oberliga Ost B 2018 2019"]
[Site "?"]
[Date "2019.03.24"]
[Round "9.4"]
[White "Hillmann, Michael"]
[Black "Kirschbaum, Gunnar"]
[Result "1-0"]
[WhiteElo "2121"]
[BlackElo "2114"]
[PlyCount "47"]
[EventDate "2018.10.21"]
[EventType "team-tourn"]
[EventCountry "GER"]
[WhiteTeam "Sangerhausen SV"]
[BlackTeam "Erfurt SV Medizin"]
[WhiteTeamCountry "GER"]
[BlackTeamCountry "GER"]

1. Nf3 Nf6 2. c4 g6 3. g3 Bg7 4. Bg2 O-O 5. O-O d6 6. d4 Nbd7 7. Nc3 e5 8. e4
a6 9. Re1 Rb8 10. a4 a5 11. b3 Re8 12. d5 Nc5 13. Ba3 Nfd7 14. Ra2 f5 15. exf5
gxf5 16. Nh4 e4 17. Ne2 Ne5 18. Bxc5 dxc5 19. Nf4 Bh6 20. Qh5 Bxf4 21. gxf4 Nd3
22. Re3 Nxf4 23. Rg3+ Kh8 24. Qh6 1-0

[Event "Oberliga Ost B 2018 2019"]
[Site "?"]
[Date "2019.03.24"]
[Round "9.7"]
[White "Nguyen, Ha Thanh"]
[Black "Duchrow, Oliver"]
[Result "1-0"]
[WhiteElo "1879"]
[BlackElo "2100"]
[PlyCount "91"]
[EventDate "2018.10.21"]
[EventType "team-tourn"]
[EventCountry "GER"]
[WhiteTeam "Erfurt SV Medizin"]
[BlackTeam "Sangerhausen SV"]
[WhiteTeamCountry "GER"]
[BlackTeamCountry "GER"]

1. e4 e5 2. Nf3 d6 3. Bc4 Be7 4. c3 Nf6 5. d3 O-O 6. O-O Bg4 7. Nbd2 c6 8. Bb3
Bh5 9. Re1 Re8 10. Nf1 Nbd7 11. Ng3 Bg6 12. Nh4 Bf8 13. Nxg6 hxg6 14. Bg5 Nc5
15. Bc2 Ne6 16. Be3 d5 17. h3 Qc7 18. Qc1 Rad8 19. Nf1 a5 20. Nh2 d4 21. Bd2
dxc3 22. bxc3 Nc5 23. Re3 Rd7 24. Nf3 Red8 25. d4 exd4 26. cxd4 Ne6 27. Bc3 b5
28. Rb1 a4 29. Qe1 Ra8 30. Rd1 Qb6 31. Ne5 Rdd8 32. Red3 Nf4 33. Rf3 Ne6 34. d5
cxd5 35. exd5 Nc7 36. g4 Ncxd5 37. g5 Nxc3 38. Rxd8 Rxd8 39. Qxc3 Nd5 40. Qb2
f5 41. gxf6 Nxf6 42. Bxa4 Kh7 43. Bc2 Qd4 44. Bxg6+ Kh6 45. Rg3 Qxb2 46. Nf7#
1-0

[Event "Oberliga Ost B 2018 2019"]
[Site "?"]
[Date "2019.03.24"]
[Round "9.8"]
[White "Buerckner, Georg"]
[Black "Grund, Sebastian"]
[Result "1-0"]
[WhiteElo "2019"]
[BlackElo "2071"]
[PlyCount "87"]
[EventDate "2018.10.21"]
[EventType "team-tourn"]
[EventCountry "GER"]
[WhiteTeam "Sangerhausen SV"]
[BlackTeam "Erfurt SV Medizin"]
[WhiteTeamCountry "GER"]
[BlackTeamCountry "GER"]

1. e4 c5 2. c3 Nf6 3. e5 Nd5 4. d4 cxd4 5. cxd4 d6 6. exd6 Qxd6 7. Nc3 Nc6 8.
Nf3 Bg4 9. Be2 g6 10. O-O Bg7 11. Qb3 Nxc3 12. bxc3 O-O 13. Ba3 Qd7 14. Rfd1
Rac8 15. h3 Bf5 16. Nh4 Bxh3 17. gxh3 Qxh3 18. Ng2 Nxd4 19. cxd4 Rc3 20. Rd3
Rxb3 21. axb3 Qf5 22. Rad1 Re8 23. Rf3 Qc2 24. Kf1 Bf6 25. Ne3 Qe4 26. d5 g5
27. Rh3 Bd4 28. Bd3 Qf4 29. Bxh7+ Kf8 30. Bc2 g4 31. Rg3 Bxe3 32. Rxe3 Rc8 33.
Bb1 Qh2 34. Bxe7+ Kg7 35. Ba3 Rh8 36. d6 Qf4 37. d7 Rh2 38. Rd2 Rh1+ 39. Ke2
Rh2 40. Bb2+ Kh6 41. d8=Q Qxf2+ 42. Kd1 Rh1+ 43. Kc2 Qxe3 44. Qh8+ 1-0

[Event "Oberliga Ost B 2018 2019"]
[Site "?"]
[Date "2019.03.24"]
[Round "9.1"]
[White "Wege, Jochen"]
[Black "Konopka, Michal"]
[Result "1-0"]
[WhiteElo "2254"]
[BlackElo "2364"]
[PlyCount "59"]
[EventDate "2018.10.21"]
[EventType "team-tourn"]
[EventCountry "GER"]
[WhiteTeam "Frankfurt SC Koenig Nied"]
[BlackTeam "Schoeneck SF"]
[WhiteTeamCountry "GER"]
[BlackTeamCountry "GER"]

1. e4 d5 2. Nc3 dxe4 3. Nxe4 Qd5 4. Nc3 Qa5 5. g3 Nf6 6. Bg2 c6 7. h3 e5 8. d3
Bd6 9. Nf3 O-O 10. O-O Nbd7 11. d4 Qc7 12. Bg5 h6 13. dxe5 Bxe5 14. Nxe5 hxg5
15. Nc4 Nb6 16. Qd6 Qb8 17. Qd4 Nxc4 18. Qxc4 g4 19. hxg4 Bxg4 20. Ne4 Nxe4 21.
Bxe4 Re8 22. Rfe1 Qd6 23. Re3 Be6 24. Qe2 Qc5 25. Re1 Red8 26. Bd3 Rd6 27. Re5
Rd5 28. Rxe6 fxe6 29. Qxe6+ Kh8 30. Bg6 1-0

[Event "Oberliga Ost B 2018 2019"]
[Site "?"]
[Date "2019.03.24"]
[Round "9.2"]
[White "Marchio, Enrico"]
[Black "Chandler, Patrick"]
[Result "1-0"]
[WhiteElo "2316"]
[BlackElo "2163"]
[PlyCount "105"]
[EventDate "2018.10.21"]
[EventType "team-tourn"]
[EventCountry "GER"]
[WhiteTeam "Schoeneck SF"]
[BlackTeam "Frankfurt SC Koenig Nied"]
[WhiteTeamCountry "GER"]
[BlackTeamCountry "GER"]

1. Nf3 d6 2. d4 Bg4 3. e3 Nd7 4. h3 Bh5 5. c4 e5 6. Nc3 Be7 7. Be2 c6 8. O-O
Bg6 9. b3 Nh6 10. e4 O-O 11. d5 Nc5 12. Bxh6 gxh6 13. Bd3 cxd5 14. cxd5 Nxd3
15. Qxd3 f5 16. Nd2 Rc8 17. Rae1 a6 18. a4 Bg5 19. Nc4 Rc7 20. a5 Rg7 21. f3
Bh4 22. Rc1 Qd7 23. Nb6 Qe7 24. Qe2 Bg3 25. Nc4 Bf4 26. Rc2 h5 27. Qe1 Kh8 28.
Kh1 h4 29. exf5 Bxf5 30. Ne4 Bxe4 31. fxe4 Rfg8 32. Rf3 Rg6 33. Nb6 Qg5 34. Qf1
R6g7 35. Nc4 Qg6 36. Re2 Rf7 37. Ref2 Rfg7 38. Re2 Rf8 39. Qf2 Rfg8 40. Qf1 Qf6
41. Rc2 Rg5 42. Ne3 Qg6 43. Nf5 h6 44. Rxf4 exf4 45. Qa1+ Rg7 46. Nxg7 Qxg7 47.
Rc8+ Kh7 48. Qxg7+ Kxg7 49. Rd8 Kf6 50. Rxd6+ Ke5 51. Re6+ Kd4 52. d6 f3 53. d7
1-0

[Event "Oberliga Ost B 2018 2019"]
[Site "?"]
[Date "2019.03.24"]
[Round "9.3"]
[White "Uwira, Oliver"]
[Black "Heinatz, Thomas"]
[Result "0-1"]
[WhiteElo "2193"]
[BlackElo "2302"]
[PlyCount "90"]
[EventDate "2018.10.21"]
[EventType "team-tourn"]
[EventCountry "GER"]
[WhiteTeam "Frankfurt SC Koenig Nied"]
[BlackTeam "Schoeneck SF"]
[WhiteTeamCountry "GER"]
[BlackTeamCountry "GER"]

1. d4 Nf6 2. c4 g6 3. Nc3 Bg7 4. e4 d6 5. f3 O-O 6. Bg5 c5 7. d5 e6 8. Nge2
exd5 9. cxd5 Re8 10. Ng3 Nxe4 11. Ncxe4 Qxg5 12. Be2 Qe7 13. Qd2 Nd7 14. O-O
Nf6 15. Rae1 Nxe4 16. Nxe4 Bd7 17. b3 f5 18. Nc3 Qe3+ 19. Qxe3 Rxe3 20. Nd1 Re7
21. Bd3 Bd4+ 22. Nf2 Rae8 23. Rxe7 Rxe7 24. Rd1 Kg7 25. Kf1 Kf6 26. f4 h6 27.
Re1 Rxe1+ 28. Kxe1 g5 29. g3 gxf4 30. gxf4 Be3 31. Nh3 Be8 32. Be2 b5 33. Kd1
a6 34. Kc2 Bf7 35. Kd3 Bd4 36. Bf3 Ke7 37. Ke2 Be8 38. Nf2 Bxf2 39. Kxf2 b4 40.
Ke3 Bb5 41. h4 c4 42. Kd2 c3+ 43. Kc2 Bf1 44. a3 a5 45. axb4 axb4 0-1